UBT Library

AO ASIF principles in spine surgery / (Record no. 47250)

000 -LEADER
fixed length control field 00772pam a2200229 a 4500
001 - CONTROL NUMBER
control field 3071735
005 - DATE AND TIME OF LATEST TRANSACTION
control field 20180822051139.0
008 - FIXED-LENGTH DATA ELEMENTS--GENERAL INFORMATION
fixed length control field 970729s1998 gw a bf 001 0 eng
010 ## - LIBRARY OF CONGRESS CONTROL NUMBER
LC control number 97030417
020 ## - INTERNATIONAL STANDARD BOOK NUMBER
International Standard Book Number 3540627634 (alk. paper)
040 ## - CATALOGING SOURCE
Original cataloging agency DLC
Transcribing agency DLC
Modifying agency DLC
041 ## - LANGUAGE CODE
Language code of text/sound track or separate title eng
080 ## - UNIVERSAL DECIMAL CLASSIFICATION NUMBER
Universal Decimal Classification number 617.56
082 00 - DEWEY DECIMAL CLASSIFICATION NUMBER
Classification number 617.56
Edition number 21
100 1# - Rafti
Rafti 5
101 ## - Shkurtesa
Shkurtesa KIR
245 10 - TITLE STATEMENT
Title AO ASIF principles in spine surgery /
Statement of responsibility, etc M. Aebi, J.S. Thalgott, J.K. Webb ; with contributions by M. Goytan ... [et al.].
504 ## - BIBLIOGRAPHY, ETC. NOTE
Bibliography, etc Includes bibliographical references and index.
906 ## - LOCAL DATA ELEMENT F, LDF (RLIN)
a 7
b cbc
c orignew
d 1
e ocip
f 19
g y-gencatlg
942 ## - ADDED ENTRY ELEMENTS (KOHA)
Source of classification or shelving scheme
Item type Books
Holdings
Withdrawn status Lost status Source of classification or shelving scheme Damaged status Not for loan Collection code Permanent location Current location Shelving location Date acquired Total Checkouts Full call number Barcode Date last seen Price effective from Koha item type
          Koleksioni i përgjithshem UBT - Lipjan UBT - Lipjan Koleksioni i përgjithshem 08/22/2018   617.56 AEB 002-3011320 08/22/2018 08/22/2018 Books
UBT Library © 2015-2024. All rights reserved University Education for Business and Technology